Hudební estetika jako konkretizace obecné estetiky a muzikologická disciplína /

Main Author: Fukač, Jiří, 1936-2002
Language: Czech
Published: Brno : Masarykova univerzita, 2014
Edition: 3. vyd.
Subjects:
Online Access: Digitalizovaný dokument
Physical Description: 289 s. ; 21 cm
Book
Saved in:
LEADER 02065nam a2200517 a 4500
001 nkc20142635958
003 CZ PrNK
005 20141127123523.0
007 ta
008 141031s2014 xr f p 000 0 cze
015 |a cnb002635958 
020 |a 978-80-210-6872-8  |q (brož.) 
035 |a (OCoLC)897870819 
040 |a OLA001  |b cze 
072 7 |a 78.01  |x Muzikologie. Dějiny hudby  |2 Konspekt  |9 9 
072 7 |a 37.016  |x Učební osnovy. Vyučovací předměty. Učebnice  |2 Konspekt  |9 22 
080 |a 78.01  |2 MRF 
080 |a 111.852  |2 MRF 
080 |a 7.01:111.852  |2 MRF 
080 |a (048.8)  |2 MRF 
080 |a (075.8)  |2 MRF 
100 1 |a Fukač, Jiří,  |d 1936-2002  |7 jk01032151  |4 aut 
245 1 0 |a Hudební estetika jako konkretizace obecné estetiky a muzikologická disciplína /  |c Jiří Fukač 
250 |a 3. vyd. 
260 |a Brno :  |b Masarykova univerzita,  |c 2014 
300 |a 289 s. ;  |c 21 cm 
504 |a Obsahuje bibliografii 
650 0 7 |a hudební estetika  |7 ph135171  |2 czenas 
650 0 7 |a muzikologie  |7 ph115381  |2 czenas 
650 0 7 |a estetika  |7 ph117189  |2 czenas 
650 0 9 |a musical aesthetics  |2 eczenas 
650 0 9 |a musicology  |2 eczenas 
650 0 9 |a aesthetics  |2 eczenas 
655 7 |a monografie  |7 fd132842  |2 czenas 
655 7 |a učebnice vysokých škol  |7 fd133772  |2 czenas 
655 9 |a monographs  |2 eczenas 
655 9 |a textbooks (higher)  |2 eczenas 
856 4 1 |u http://www.digitalniknihovna.cz/mzk/uuid/uuid:e7140b30-d7be-11ea-b7a2-005056827e51  |y Digitalizovaný dokument  |x NDK 
910 2 |a BOA001  |b 2-1334.606 
990 |a BK 
995 |a 01 
991 |b 201411  |c NOV  |e n  |j 78.01 FUK 
996 6 |b 2610610492  |c 2-1334.606  |l MZK  |r Sklad / do 1 hodiny  |n 2  |p p.v.  |w 001468335  |u 000010  |a 1  |e BOA001  |j MZK50  |s P 
996 6 |b 2610610493  |c 2-1334.606  |l MZK  |r HSS 4p  |n 0  |p p.v.  |h 78.01 FUK  |w 001468335  |u 000020  |a 0  |e BOA001  |j MZK50  |s P 
996 7 |b 2610612428  |c 2-1334.606  |l MZK  |r Sklad / do 1 hodiny  |n 9  |p kup  |w 001468335  |u 000030  |a 1  |e BOA001  |j MZK50  |s A 
996 7 |b 2610612429  |c 2-1334.606  |l MZK  |r Sklad / do 1 hodiny  |n 9  |p kup  |w 001468335  |u 000040  |a 1  |e BOA001  |j MZK50  |s A